01056nam a2200229Ia 4500003000900000008004100009020001800050040001600068080001700084111011100101245024800212260005000460300002300510650001700533650002300550650002700573700003100600700003600631942000700667999001700674952013500691IN-BaIIA211028s9999 xx 000 0 eng d a1-56396-291-8 cIIA Library a523.985bRYA aWorkshop on High-Energy Solar Phenomena - A New Era of Spacecraft MeasurementscNew Hampshired1993920830 0aHigh-Energy Solar phenomena - a new era of Spacecraft measurementsbproceedings of Workshop on high-Energy Solar phenomena - a new era of Spacecraft measurements, held in New Hampshire, USA,1993cedited by W. Thomas Vestrand and James M. Ryan  aNew YorkbAmerican Institute of Physicsc1994 a[various pagings.] aFlares96133 aSolar Flares94046 aSolar Phenomena920831 aRyan, James M., ed.920832 aVestrand, W. Thomas, ed.920833 cBK c11980d11980 00104070aBANbBANcGENd1996-12-20eWP g5329.50l0o523.985/ RYAp12896r2021-11-05v5329.50w1996-12-20yBKGRs. 5329.50